000 01360nam a2200337Ia 4500
003 CO-BoRNBP
005 20250605105834.0
007 ta
008 180109s9999 xx 000 0 und d
020 _a9788434229198
040 _aCO-BoRNBP
_bspa
_erda
_cCO-BoRNBP
041 _aspa
082 0 _a510 B87a
100 1 _aBurgués Flamarich, Carme,
_959806
245 1 0 _aApuntes de matemáticas /
_cCarme Burgués Flamarich, Roser Codina Pascual y Manuel Montanuy Fillat ; ilustraciones de Christian Inajara.
250 _aCuarta edición
264 1 _aBarcelona :
_bParramón;2011
300 _a96 páginas :
_bilustraciones, gráficos, tablas en color ;
_c22 cm
336 _atexto
_btxt
_2rdacontent
337 _asin mediación
_bn
_2rdamedia
338 _avolumen
_bnc
_2rdacarrier
490 0 _aApuntes
500 _aContiene índice alfabético de materias.
505 0 _aHabilidades generales Números Geometría Medida µlgebra Estadística y probabilidad Lenguaje Matemático.
650 0 4 _aMatematicas - Fundamentos
_2LEMB
_959807
650 0 0 _aEcuaciones matemáticas
_2LEMB
_959808
650 0 4 _aProbabilidad Y Estadistica Matematica
_2LEMB
_959809
650 0 4 _aMatemáticas
_xEnseñanza
_2LEMB
_942559
700 1 _aCodina, Roser, autor \ Montanuy Fillat, Manuel, autor \ Inaraja, Christian, 1972-ilustrador
_959810
942 _2ddc
_cBK
999 _c57189
_d57189